00858 a2200217 45000010006000000050017000060080041000230030015000640400040000790800063001192450054001822500012002362640075002483000019003235050112003420410008004541000034004627000019004967000026005158560099005414491720260407155724.0260407a1978 arg spa dAR-UNSa-BCEJYS aAR-UNSa-BCEJYSbspacAR-UNSa-BCEJYS a303.1xMetodología general en la investigación social 10aTeoría y métodos de la investigación social a5a. ed. 1aBuenos Aires :bEUDEBA (Editorial Universitaria de Buenos Aires)c1978 a205 p.c22 cm. a1. La Matiz de datos - 2. Las unidades - 3. Variables - 4. Los Valores - 5. La recolección - 6. Encuestas aspa1 aFuenzalida Faivovich, Edmundo1 aGaltung, Johan1 aMora y Araujo, Manuel41uhttps://www.biblioeco.unsa.edu.ar/pmb/images/libros/L127040.jpgyImagen de portadaqimage/jpeg